[Event "EU Small Countries ol 8th"]
[Site "St Helier"]
[Date "2023.10.30"]
[Round "3.4"]
[White "Vivoli, Alessandro"]
[Black "Morgan, Jamie"]
[Result "1/2-1/2"]
[WhiteElo "1503"]
[BlackElo "1774"]
[PlyCount "85"]
[EventDate "2023.10.29"]
[EventType "team-tourn"]
[EventRounds "9"]
[EventCountry "GCI"]
[SourceTitle "Mega2024 Update 01"]
[Source "Chessbase"]
[SourceDate "2023.11.12"]
[SourceVersion "1"]
[SourceVersionDate "2023.11.12"]
[SourceQuality "1"]
[WhiteTeam "San Marino"]
[BlackTeam "Guernsey"]
[WhiteTeamCountry "SMR"]
[BlackTeamCountry "GCI"]

1. e4 c5 2. Nf3 g6 3. d4 cxd4 4. Nxd4 Nc6 5. Nc3 Bg7 6. Be3 Nf6 7. Bc4 0-0 8. Bb3 d6 9. f3 Bd7 10. Qd2 Nxd4 11. Bxd4 b5 12. 0-0 a5 13. a4 b4 14. Nd5 Nxd5 15. Bxg7 Kxg7 16. Bxd5 Qb6+ 17. Kh1 Rac8 18. Rfc1 Rc7 19. Bb3 Rfc8 20. e5 Be6 21. exd6 Qxd6 22. Qxd6 exd6 23. Rd1 Bxb3 24. cxb3 Rc2 25. Rxd6 Rxb2 26. Rd5 Rc3 27. Rxa5 Rcxb3 28. h3 Ra3 29. Rd1 Rba2 30. Rb1 Ra1 31. Rxa1 Rxa1+ 32. Kh2 h5 33. Kg3 Kf6 34. Kf4 Ra2 35. Ra6+ Kg7 36. Kg3 g5 37. a5 h4+ 38. Kh2 f6 39. Rb6 Rxa5 40. Rxb4 Kg6 41. Rb8 Kf5 42. Rb4 Kg6 43. Rc4 1/2-1/2

[Event "Olympiad-44"]
[Site "Chennai"]
[Date "2022.07.29"]
[Round "1.3"]
[White "Morgan, Jamie"]
[Black "Arvelo Leo, Gian Carlo"]
[Result "1/2-1/2"]
[WhiteElo "1753"]
[BlackElo "2176"]
[PlyCount "65"]
[EventDate "2022.07.29"]
[EventType "team-swiss"]
[EventRounds "11"]
[EventCountry "IND"]
[SourceTitle "CBM 210"]
[Source "ChessBase"]
[SourceDate "2022.10.31"]
[SourceVersion "1"]
[SourceVersionDate "2022.10.31"]
[SourceQuality "1"]
[WhiteTeam "Guernsey"]
[BlackTeam "Dominican Republic"]
[WhiteTeamCountry "GCI"]
[BlackTeamCountry "DOM"]

1. e4 c5 2. Nc3 e6 3. Nge2 Nc6 4. g3 d5 5. exd5 exd5 6. d4 Bg4 7. Bg2 Nxd4 8. h3 Bf3 9. Kf1 Nf6 10. Bxf3 Nxf3 11. Kg2 Ne5 12. Re1 Bd6 13. Nxd5 0-0 14. Bg5 Ned7 15. Nec3 Be5 16. Qf3 h6 17. Nxf6+ Bxf6 18. Bxf6 Nxf6 19. Rad1 Qb6 20. Na4 Qc7 21. c4 Rad8 22. Nc3 b6 23. Nb5 Qb8 24. Re7 Rxd1 25. Qxd1 Rd8 26. Qf3 a6 27. Nc7 Kf8 28. Nxa6 Qd6 29. Ra7 Qd4 30. Ra8 Kg8 31. Nc7 Rxa8 32. Qxa8+ Kh7 33. Qf3 1/2-1/2

[Event "Torquay Rowena Challengers"]
[Site "Torquay"]
[Date "2019.09.07"]
[Round "7"]
[White "Morgan, Jamie"]
[Black "Brooks, Paul2222"]
[Result "1/2-1/2"]
[WhiteElo "1894"]
[BlackElo "1826"]
[PlyCount "40"]
[EventDate "2019.09.01"]
[EventType "swiss"]
[EventRounds "7"]
[EventCountry "ENG"]
[SourceTitle "CBM 192 Extra"]
[Source "Chessbase"]
[SourceDate "2019.11.06"]
[SourceVersion "1"]
[SourceVersionDate "2019.11.06"]
[SourceQuality "1"]

1. e4 e6 2. d4 d5 3. exd5 exd5 4. Nf3 Bd6 5. c4 Nf6 6. Nc3 0-0 7. cxd5 Re8+ 8. Be2 Nbd7 9. 0-0 h6 10. Bb5 Re7 11. Bxd7 Bxd7 12. Ne5 Bxe5 13. dxe5 Rxe5 14. Qd4 Re8 15. Bf4 Nh5 16. Rad1 Nxf4 17. Qxf4 Rc8 18. Rd3 Qe7 19. Re3 Qc5 20. Rfe1 Rxe3 1/2-1/2